Nešťastná prehra futbalistov

Bibliographic Details
Format: Article
Language:Slovak
PhysicalDescription:Fotogr.
ISSN:1338-0346
Subjects:

MARC

LEADER 00000nab a2200000 a 4500
001 vtls010510602
003 SK-MaSNL
005 20260303090422.0
008 171110c2013 xo wr 0 0slo
038 |a SLLK 
040 |a SLLK  |b slo  |c sllk  |e AACR2 
041 |a slo 
044 |a xo  |c SK 
080 |a 796.332  |2 2001 
245 0 0 |a Nešťastná prehra futbalistov  |c Text a foto (J.P.) 
300 |b Fotogr. 
610 2 7 |a Mestský futbalový klub Stará Ľubovňa  |2 SLLK  |9 1031864 
610 2 7 |a MFK Košice-Krásna  |2 SLLK  |9 1097314 
648 7 |a 2013  |2 snkbucl  |9 324251 
650 0 7 |a šport  |2 snkbucl  |9 1042 
650 0 7 |a futbal  |x 4. liga  |2 SLLK  |9 1040036 
651 7 |a Stará Ľubovňa (Slovensko)  |2 SLLK  |9 19193 
773 0 |t Ľubovnianske noviny  |g Roč. XXXVIII, č. 16 (2013), s. 8  |x 1338-0346 
852 |a SLLK  |b KIS3GCP 
999 |c 1803213  |d 1805143